| 000 | 00555nam a2200193 a 4500 | ||
|---|---|---|---|
| 005 | 20140310183446.0 | ||
| 008 | 080930s19uu xx 00 eng d | ||
| 020 | _a155860801x | ||
| 050 |
_aTR 897.7 _b.B482 2004 |
||
| 100 | _aBergen, Gino van den | ||
| 245 |
_aCollision detection in interactive 3D environments / _cGino van den Bergen. |
||
| 260 |
_aAmsterdam : _bElsevier, _c2004. |
||
| 300 |
_a277 p. : _bill. ; _c24 cm. |
||
| 521 | _aIT | ||
| 650 | _aComputer Studies. | ||
| 650 | _a3D interactive. | ||
| 942 |
_cBK _2lcc _kFOR |
||
| 999 |
_c23242 _d23242 |
||